000 00776nam a2200217Ii 4500
003 JO-AjNU
005 20231205100619.0
008 230605s9999||||xx |||||||||||||| ||und||
040 _aJO-AjNU
_bara
_erda
_cJO-AjNU
041 _aara
100 _aجمال عبد المعطي وآخرون
_964630
_eمؤلف
245 _aالجداول الالكترونية إكسل EXCEL /
_cجمال عبد المعطي
260 _aالقاهرة :
_bمجموعة كتب دلتا،
_c1996
300 _a313 صفحه
336 _atext
_btxt
_2rdacontent
337 _aunmediated
_bn
_2rdamedia
338 _avolume
_bnc
_2rdacarrier
650 _vالحاسبات الالكترونية-برامج
700 _aمحمد فهمي طلبه
_964629
_eمعد ومقدم
942 _2lcc
_cBK
999 _c33085
_d33085